[Event "FRA-chT rapid"]
[Site "Cappelle la Grande"]
[Date "2025.04.20"]
[Round "6.9"]
[White "Grulier, Ernest"]
[Black "Strasser, Rouben"]
[Result "1/2-1/2"]
[WhiteElo "1983"]
[BlackElo "2047"]
[PlyCount "135"]
[EventDate "2025.04.19"]
[EventType "team-swiss (rapid)"]
[EventRounds "15"]
[EventCountry "FRA"]
[SourceTitle "CB17_2025"]
[SourceDate "2025.04.23"]
[SourceVersion "1"]
[SourceVersionDate "2025.04.23"]
[SourceQuality "1"]

1. e4 c5 2. Nf3 e6 3. d4 cxd4 4. Nxd4 a6 5. Bd3 Bc5 6. Nb3 Ba7 7. 0-0 Nc6 8. c4 Nf6 9. Nc3 0-0 10. Qe2 d6 11. Be3 Bxe3 12. Qxe3 b6 13. Rfd1 Bb7 14. Rd2 Qc7 15. Rc1 Ne5 16. f3 Rfd8 17. Bf1 Rac8 18. Na4 Ned7 19. Rcd1 Nc5 20. Naxc5 dxc5 21. e5 Rxd2 22. Rxd2 Nd7 23. Rd6 Nf8 24. Qd2 Bc6 25. Nc1 Ng6 26. f4 Nh4 27. Ne2 Nf5 28. Rd3 h6 29. Ng3 Nd4 30. Ne2 Be4 31. Re3 Nxe2+ 32. Bxe2 Bf5 33. Bd3 Rd8 34. Qe2 Rd4 35. Bxf5 exf5 36. Rd3 Rxf4 37. e6 Re4 38. Re3 Qe5 39. exf7+ Kxf7 40. Rxe4 fxe4 41. g3 Qd4+ 42. Kg2 Kg8 43. b3 Kh7 44. Qg4 e3 45. Qf5+ Kg8 46. Qc8+ Kf7 47. Qf5+ Ke7 48. Kf3 e2 49. Kxe2 Qb2+ 50. Kf3 Qxa2 51. Qe5+ Kf7 52. Qf5+ Ke7 53. Qe5+ Kd8 54. Qd6+ Ke8 55. Qe6+ Kf8 56. Qc8+ Kf7 57. Qd7+ Kg8 58. Qc8+ Kf7 59. Qd7+ Kg6 60. Qe6+ Kh7 61. Qf5+ Kg8 62. Qe6+ Kf8 63. Qc8+ Ke7 64. Qc7+ Kf8 65. Qd8+ Kf7 66. Qd7+ Kg6 67. Qe6+ Kh7 68. Qf5+ 1/2-1/2

[Event "FRA-chT rapid"]
[Site "Cappelle la Grande"]
[Date "2025.04.20"]
[Round "7.5"]
[White "Vallee, Louis"]
[Black "Grulier, Ernest"]
[Result "1-0"]
[WhiteElo "2242"]
[BlackElo "1983"]
[PlyCount "97"]
[EventDate "2025.04.19"]
[EventType "team-swiss (rapid)"]
[EventRounds "15"]
[EventCountry "FRA"]
[SourceTitle "CB17_2025"]
[SourceDate "2025.04.23"]
[SourceVersion "1"]
[SourceVersionDate "2025.04.23"]
[SourceQuality "1"]

1. d4 Nf6 2. c4 g6 3. Nc3 Bg7 4. e4 d6 5. h3 0-0 6. Be3 Na6 7. g4 c5 8. Nge2 cxd4 9. Nxd4 Nc5 10. Bg2 b6 11. e5 dxe5 12. Bxa8 exd4 13. Qxd4 Bd7 14. Bf3 Nxg4 15. Qd2 Nxe3 16. Qxe3 Bf5 17. Rd1 Qb8 18. Bg4 e6 19. Bxf5 gxf5 20. 0-0 Kh8 21. Qf3 Qc8 22. Kh1 Nd7 23. Rg1 Ne5 24. Qg2 Bf6 25. b3 Nxc4 26. Nb5 Ne5 27. Nxa7 Qc2 28. f4 Qxg2+ 29. Kxg2 Ng6 30. Kf3 Nh4+ 31. Ke2 Ng6 32. Rgf1 Bg7 33. a4 Ra8 34. Nc6 Bh6 35. Rd4 Rc8 36. Rc4 Nxf4+ 37. Kf3 Nxh3 38. Rh1 Ng5+ 39. Kf4 Kg7 40. Ke5 Ne4 41. b4 Kf8 42. Rxh6 Kg7 43. Rh1 h6 44. b5 Rc7 45. Rxe4 fxe4 46. Kxe4 Rc8 47. Rb1 Ra8 48. a5 bxa5 49. b6 1-0

[Event "Avoine op 38th"]
[Site "Avoine"]
[Date "2024.07.20"]
[Round "1"]
[White "Grulier, Ernest"]
[Black "Abergel, Thal"]
[Result "0-1"]
[WhiteElo "2004"]
[BlackElo "2412"]
[PlyCount "120"]
[EventDate "2024.07.20"]
[EventType "swiss"]
[EventRounds "9"]
[EventCountry "FRA"]
[SourceTitle "EXT 2025"]
[Source "ChessBase"]
[SourceDate "2024.10.14"]
[SourceVersion "1"]
[SourceVersionDate "2024.10.14"]
[SourceQuality "1"]

1. e4 c6 2. d4 d5 3. e5 Bf5 4. Nf3 e6 5. Be2 Nd7 6. c3 h6 7. 0-0 Ne7 8. Na3 Bh7 9. Nc2 Ng6 10. Bd3 Be7 11. Ne3 c5 12. Bd2 Rc8 13. a4 a6 14. g3 Qc7 15. Qb1 cxd4 16. cxd4 Qb6 17. h4 Rc6 18. b4 Rc8 19. a5 Qa7 20. b5 h5 21. Qb3 0-0 22. Rfc1 Rfd8 23. Rab1 Ngf8 24. Bxh7+ Nxh7 25. bxa6 bxa6 26. Qb7 Rxc1+ 27. Bxc1 Qxb7 28. Rxb7 Nhf8 29. Bd2 Rc8 30. Kf1 Bd8 31. Ra7 Nb8 32. Rb7 Nc6 33. Rb2 Nd7 34. Rc2 Rc7 35. Rb2 Na7 36. Nc2 Be7 37. Nfe1 Nb5 38. Bb4 Bxb4 39. Rxb4 Rc3 40. Ke2 Nb8 41. Kd2 Rc8 42. Nd3 Nc6 43. Ra4 Kf8 44. f4 g6 45. Ndb4 Nxb4 46. Rxb4 Ke8 47. Ne1 Na3 48. Nd3 Nc4+ 49. Kd1 Nxa5 50. Nc5 Nc6 51. Rb6 Nxd4 52. Nb7 Nf5 53. Rxa6 Rc7 54. Rb6 Kd7 55. Kd2 Nxg3 56. Kd3 Nf5 57. Rb4 Ke7 58. Rb6 Nxh4 59. Nd6 Nf5 60. Ra6 h4 0-1

[Event "FRA-ch Blitz Online Qual"]
[Site "Europe Echecs INT"]
[Date "2020.05.16"]
[Round "3"]
[White "Grulier, Ernest"]
[Black "Frey, Thierry"]
[Result "0-1"]
[WhiteElo "1469"]
[BlackElo "1792"]
[PlyCount "56"]
[EventDate "2020.05.16"]
[EventType "swiss (blitz)"]
[EventRounds "15"]
[EventCountry "FRA"]
[SourceTitle "CBM 196 Extra"]
[Source "ChessBase"]
[SourceDate "2020.07.31"]
[SourceVersion "1"]
[SourceVersionDate "2020.07.31"]
[SourceQuality "1"]

1. e4 c5 2. Nf3 d6 3. d4 cxd4 4. Nxd4 Nf6 5. Nc3 a6 6. Bg5 e6 7. f4 Nbd7 8. Qf3 Qc7 9. 0-0-0 b5 10. a3 Bb7 11. Bd3 Rc8 12. g4 Nc5 13. Bxf6 gxf6 14. f5 e5 15. Nde2 Bh6+ 16. Kb1 Nxd3 17. Qxd3 Ke7 18. Ka1 Rhd8 19. h3 Qc5 20. Rh2 Rd7 21. Ng3 Rcd8 22. Nd5+ Bxd5 23. Qxd5 Qxd5 24. Rxd5 Bf4 25. Rg2 Rc7 26. Ne2 Be3 27. Nc3 Bd4 28. Rg3 Rc5 0-1